00771nam a2200205 a 450000500170000000800410001704000250005804100080008304400070009108200170009810000280011524501650014326000580030830000540036649000320042065000300045265000260048265000260050870000310053420160115061244.0140312b1994 ck |||| rd 00| 0 spa d aCO-BoIAVHcCO-BoIAVH aspa ack04a583.22bT84c1 aTriviño Díaz, Trino13aEl chachafruto (Erythrina edulis Micheli): bun valioso recurso genético de los Andes suramericanos / cpor Trino Triviño Díaz & Javier Rodríguez Romero aSantafé de Bogotá :bCONIF :bCORPOCALDAS,c1994. a29 páginas :bgráficas, tablas ;c23 x 17 cm. aSerie de divulgación ;v2 4aChachafrutoxProducción 4aChachafrutoxsemillas 4aChachafrutoxforrajes1 aRodríguez Romero, Javier